000 01583cam a22004097a 4500
003 CHAP
005 20220329133807.0
008 971013s1987 r 00010 d
010 _a10988
011 _a11960
035 _a13144
040 _cCHAP
082 _a633.73
_bV55
100 0 0 _aVillaseñor Luque, Andrés.
_9119694
245 0 _aCaficultura moderna en México
260 _aChapingo, Méx. :
_bAgrocomunicación Sáenz Colín,
_c1987
300 _a469 p.
_e+ apéndice
590 _aBATCH-UPD
_b10
_c20130109
_lUCH01
_h2344
590 _aBATCH-UPD
_b10
_c20130110
_lUCH01
_h2030
590 _aBATCH-UPD
_b10
_c20130409
_lUCH01
_h1914
590 _aBATCH-UPD
_b10
_c20130410
_lUCH01
_h1347
590 _aBATCH-UPD
_b10
_c20130914
_lUCH01
_h0810
590 _aCONVERSION
_b10
_c20130109
_lUCH01
_h1307
650 1 4 _aCafé
_xAspectos económicos
_xMéxico.
_917104
650 1 4 _aCafé
_xMejoramiento.
_917168
650 1 4 _aCafé
_xMercadeo.
_917169
650 1 4 _aCafé
_xMéxico.
_917176
901 _aBK
942 _cLIBRO
949 _a633.73 V5
_bPA
_cLIBRO
_d-25243
_eLIBRO
_h1434
_i13144
_si
949 _a633.73 V55
_bBC
_cLIBRO
_d33724000199568
_eLIBRO
_fc.5
_h81430
_i13144
_si
949 _a633.73 V55
_bBC
_cLIBRO
_d33724000199576
_eLIBRO
_fc.3
_h78932
_i13144
_si
949 _a633.73 V55
_bBC
_cLIBRO
_d33724000831467
_eLIBRO
_fc.4
_h81429
_i13144
_si
949 _a633.73 V55
_bBC
_cLIBRO
_d33724000906137
_eLIBRO
_fc.2
_h78872
_i13144
_si
949 _a633.73 V55
_bBC
_cLIBRO
_d33724000920690
_eLIBRO
_fc.6
_h81431
_i13144
_si
949 _a633.73 V55
_bBC
_cLIBRO
_d33724000947149
_eLIBRO
_h72677
_i13144
_so
999 _c10988
_d10988